[Event "FRM-ch op"]
[Site "Skopje"]
[Date "2023.05.07"]
[Round "5"]
[White "Linkinoski, Borce"]
[Black "Atanasovski, Blazhe"]
[Result "1-0"]
[WhiteElo "1382"]
[BlackElo "1760"]
[PlyCount "111"]
[EventDate "2023.05.04"]
[EventType "swiss"]
[EventRounds "9"]
[EventCountry "MKD"]
[SourceTitle "CBM 214 Extra"]
[Source "ChessBase"]
[SourceDate "2023.07.31"]
[SourceVersion "1"]
[SourceVersionDate "2023.07.31"]
[SourceQuality "1"]

1. d4 Nf6 2. c4 e6 3. Nc3 d5 4. Nf3 b6 5. e3 Be7 6. Bd3 Bb7 7. 0-0 0-0 8. Re1 c5 9. e4 cxd4 10. Nxd4 dxc4 11. Bxc4 Qc8 12. Qb3 e5 13. Nf5 Nc6 14. Nd5 Nxd5 15. Bxd5 Qc7 16. Qg3 g6 17. Bh6 Rfe8 18. Rac1 Bf8 19. Qg5 Qd8 20. Bxc6 Bxc6 21. Rxc6 Qxg5 22. Bxg5 gxf5 23. exf5 Bc5 24. Bf6 Bd4 25. b3 Rac8 26. Rec1 Bc5 27. Rxc8 Rxc8 28. Kf1 Re8 29. Rc3 Be7 30. Bxe5 f6 31. Bf4 Bb4 32. Rc1 Re4 33. g3 Re7 34. Rc8+ Kf7 35. Rc7 Rxc7 36. Bxc7 Ke7 37. Bb8 a5 38. Ke2 Kd7 39. Bf4 Kc6 40. Kd3 Kb5 41. a4+ Kc6 42. g4 b5 43. Bd2 Bc5 44. Bxa5 bxa4 45. bxa4 Bxf2 46. Bc3 Bh4 47. Ke4 Kc5 48. Bd2 Kc4 49. a5 Kc5 50. a6 Kb6 51. Kd5 Kxa6 52. Ke6 Kb6 53. Bc3 Kc6 54. Bxf6 Bf2 55. h4 Be3 56. g5 1-0

[Event "FRM-ch op"]
[Site "Skopje"]
[Date "2022.05.02"]
[Round "5"]
[White "Linkinoski, Borce"]
[Black "Atanasovski, Blazhe"]
[Result "1/2-1/2"]
[WhiteElo "1297"]
[BlackElo "1775"]
[PlyCount "72"]
[EventDate "2022.04.29"]
[EventType "swiss"]
[EventRounds "9"]
[EventCountry "MKD"]
[SourceTitle "CBM 208 Extra"]
[Source "ChessBase"]
[SourceDate "2022.07.31"]
[SourceVersion "1"]
[SourceVersionDate "2022.07.31"]
[SourceQuality "1"]

1. e4 e5 2. Nf3 Nf6 3. Nxe5 d6 4. Nf3 Nxe4 5. d4 d5 6. Bd3 Nf6 7. 0-0 Be7 8. Nc3 Bg4 9. Be2 0-0 10. Re1 c6 11. Ne5 Bf5 12. Bd3 Bxd3 13. Qxd3 Nbd7 14. Ne2 Ne4 15. Ng3 Nxg3 16. Qxg3 Bf6 17. c3 Re8 18. Bf4 Re6 19. Ng4 Qe7 20. Nxf6+ Nxf6 21. Rxe6 Qxe6 22. Be5 Qf5 23. f3 Re8 24. Re1 Nh5 25. Qf2 Qe6 26. Kf1 g6 27. Bc7 Qxe1+ 28. Qxe1 Rxe1+ 29. Kxe1 f5 30. Kf2 Kf7 31. Be5 Nf6 32. h4 h5 33. Kg3 Nh7 34. Kf4 Ke6 35. Bg7 Kf7 36. Be5 Ke6 1/2-1/2